Vitesse de frappe - Clavier - Statistiques

Statistiques générales
  • Ce quiz a été pris 10 845 fois
  • Le résultat moyen est 32 sur 61
Statistiques - réponses
Texte Réponse % Correct
Bien Bien
100%
heureuse heureuse
97%
est est
96%
l'abeille l'abeille
94%
qui qui
94%
se se
94%
promène promène
93%
dans dans
92%
un un
92%
champs champs
91%
Elle Elle
91%
de de
90%
navigue navigue
90%
en en
89%
fleurs fleurs
89%
fleurs fleurs
88%
sans sans
88%
oublier oublier
87%
d'y d'y
86%
déposer déposer
85%
du du
84%
pollen pollen
83%
Les Les
82%
bourdons bourdons
80%
paresseux paresseux
76%
se se
76%
contentent contentent
70%
de de
69%
les les
68%
observer observer
64%
en en
62%
s'abstenant s'abstenant
53%
soigneusement soigneusement
44%
de de
43%
se se
41%
permettre permettre
37%
un un
35%
commentaire commentaire
31%
de de
30%
peur peur
28%
d'être d'être
25%
à à
22%
pris pris
22%
parti parti
20%
Comme Comme
19%
quoi quoi
17%
il il
16%
ne suffit ne suffit
13%
pas pas
12%
d'avoir d'avoir
11%
l'air l'air
10%
d'une d'une
9%
abeille abeille
8%
pour pour
7%
en être en être
6%
une une
6%
ni d'arborer ni d'arborer
4%
de jolies de jolies
3%
et noires et noires
2%
jaunes jaunes
2%
rayures rayures
2%
Aucun quiz correspondant
Distribution des résultats
% des personnes avec chaque résultat
Percentile par nombre de réponses
Votre historique - résultats
Vous n’avez pas pris ce quiz